| 000 | 01400nam0a22003251 4500 | ||
|---|---|---|---|
| 001 | RU\NLR\A2V1719\7680 | ||
| 005 | 20251203171251.9 | ||
| 035 | _a(NLR Aleph) 009849480 | ||
| 090 |
_a10342638 _c10342638 |
||
| 100 | _a20061006d1877 u y0rusy50 ca | ||
| 101 | 0 | _alat | |
| 102 | _aRU | ||
| 200 | 1 | _aAntonii Zingerle ... Dissertatio de scriptorum Latinorum locis qui ad poenarum apud inferos descriptionem spectant, qua orationes ad celebrandam memoriam virorum illustrium Goelestini de Kowalewski, Jacobi Friderici a Rhod, Friderici a Groeben, Joh. Dieterici a Tettau diebus XXI et XXIII Maji et XXIII Junii h.s. ... habendas indicit Ludovicus Friedlaender ... die XII Maji | |
| 210 |
_a[Königsberg (Kaliningrad)] _cTypis academicis Dalkowskianis _d[1877] |
||
| 215 |
_a10 c. _d4° (27 Ñм) |
||
| 306 | _aÐа ÑиÑ. л.: Acad. Alb. Regim 1877 | ||
| 517 | 1 | _aDissertatio de scriptorum Latinorum locis qui ad poenarum apud inferos descriptionem spectant | |
| 620 | _dKaliningrad | ||
| 620 | _dKönigsberg | ||
| 700 | 1 |
_6z01790 _aZingerle _bA. _f1842-1910 _gAnton _4070 |
|
| 702 | 1 |
_6z02790 _aFriedlander _bL. _f1824-1909 _gLudwig _4570 |
|
| 790 | 1 |
_6z01700 _aZingerle _gAntonius _4070 |
|
| 790 | 1 |
_6z02702 _aFriedlaender _gLudovicus _4570 |
|
| 801 | 0 |
_aRU _bNLR _c20061006 |
|
| 852 |
_aNLR _jÐв 85 |
||
| 942 | _cBOOK | ||
| 980 | _aNB | ||
| 980 | _ain1719v | ||